Turkish 1960s Music Quiz: Name the Artist - Statistics

General Stats
  • This quiz has been taken 3 times
  • The average score is 16 of 30
Answer Stats
Song Release Date Artist % Correct
Boşvermişim dünyaya 1967 Ajda Pekkan
100%
Kördüğüm 1969 Hümeyra
100%
Aşk eski bir yalan 1968 Kâmuran Akkor
100%
İçelim kendimizden geçelim 1968 Semiramis Pekkan
100%
Şans çocuğu 1968 Apaşlar
67%
Anadolu 1969 Barış Manço
67%
Bir eylül akşamı 1966 Erkin Koray
67%
Buruk acı 1969 Gönül Yazar
67%
Ankara rüzgarı* 1966 Mavi Işıklar
67%
Damarımda kanımsın 1969 Neşe Karaböcek
67%
Burçak tarlası 1964 Tülay German
67%
Ağıt 1967 Yabancılar
67%
Sonbahar rüzgarları 1969 Yıldırım Gürses
67%
Sensiz olmam 1969 Ayten Alpman
33%
Samanyolu 1967 Berkant
33%
Çapkın Ayşe 1966 Beyaz Kelebekler
33%
Makaram sarı bağlar 1965 Cahit Oben
33%
Bir başka sevgiliyi sevemem... 1968 Erol Büyükburç
33%
Gördüm seni bir gün 1960 Hamiyet Yüceses
33%
Bak bir varmış bir yokmuş* 1961 İlham Gençer
33%
Tamzara 1967 Mavi Çocuklar
33%
Sessiz gemi 1969 Moğollar
33%
Meyhaneci sırdaşım 1969 Orhan Gencebay
33%
Sevmekten korkuyorum seni 1969 Özdemir Erdoğan
33%
Yeni bir aşk arıyorum 1967 Rana Alagöz
33%
Gülmedim boş yere geçti bu ömrüm 1962 Şadan Adanalı
33%
Sis 1965 Silüetler
33%
İnan yağcı değilim 1965 Tanju Okan
33%
Ayrılanlar için 1967 Timur Selçuk
33%
Beklerim her gece pencerelerde 1963 Zeki Müren
33%
No matching quizzes found
Score Distribution
Percent of People with Each Score
Percentile by Number Answered
Your Score History
You have not taken this quiz